[Event "Liwali Bhaktapur Cup"]
[Site "Liwali"]
[Date "2021.03.15"]
[Round "4.2"]
[White "Tamang, Sudip"]
[Black "Niraula, Bhupendra"]
[Result "0-1"]
[WhiteElo "1825"]
[BlackElo "1987"]
[PlyCount "92"]
[EventDate "2021.03.13"]
[EventType "team-swiss"]
[EventRounds "7"]
[EventCountry "NEP"]
[SourceTitle "EXT 2022"]
[Source "ChessBase"]
[SourceDate "2021.10.06"]
[SourceVersion "1"]
[SourceVersionDate "2021.10.06"]
[SourceQuality "1"]
[WhiteTeam "Bhimeshwor Municipality"]
[BlackTeam "Damak Municipality"]
[WhiteTeamCountry "NEP"]
[BlackTeamCountry "NEP"]

1. d4 c5 2. dxc5 Na6 3. Nc3 Nxc5 4. e4 d6 5. Be3 Ne6 6. Qd2 Nf6 7. f3 Bd7 8. Bc4 Qa5 9. Bb3 g6 10. Nge2 Bg7 11. 0-0-0 0-0-0 12. Kb1 Kb8 13. Rhe1 Rhf8 14. Nd4 Nc5 15. Bh6 Bxh6 16. Qxh6 Nxb3 17. axb3 e5 18. Nde2 Qa6 19. Qh4 Ng8 20. Qxh7 Ne7 21. Qh4 f6 22. Rd2 Be6 23. Red1 Rd7 24. Qh6 Rc8 25. g4 Rcd8 26. Qh4 g5 27. Qh6 Ng8 28. Qh3 Ne7 29. Qg2 d5 30. exd5 Bxd5 31. Qf2 Qc6 32. Rd3 Bf7 33. Qe3 Bg6 34. Rxd7 Rxd7 35. Rxd7 Qxd7 36. Ng3 Nd5 37. Qc5 Nxc3+ 38. Qxc3 Qd1+ 39. Ka2 Bxc2 40. Ka3 Bg6 41. Qc5 Qa1+ 42. Kb4 Qe1+ 43. Qc3 Qd1 44. Qc4 Qd6+ 45. Qc5 a5+ 46. Kb5 Bd3+ 0-1